| 000 | 00740nam a22002177a 4500 | ||
|---|---|---|---|
| 005 | 20170124110258.0 | ||
| 010 | _aB-093487 | ||
| 020 | _c1100.00 | ||
| 035 | _aB-093487 | ||
| 037 | _bCen Lib/Ret | ||
| 040 |
_aDPL _bEN |
||
| 082 |
_a660.6 _bBIO |
||
| 110 |
_aIndia. National Institute of Industrial Research, Delhi _9142393 |
||
| 245 |
_aBiotechnology hand book / _cby India. National Institute of Industrial Research, New Delhi |
||
| 260 |
_aDelhi _bNational Institute of Industrial Research |
||
| 270 |
_a106-E, Kamla Nagar, P.E.No.2162 _bDelhi _e110007 |
||
| 300 |
_a682p. _c20cm(pbk) |
||
| 650 |
_aOrganisms of biotechnology _9100024 |
||
| 650 |
_aNitrogen fixation _9100025 |
||
| 942 |
_2ddc _cEN _h660.6 _mBIO |
||
| 999 |
_c136350 _d136350 |
||